[Event "London Classic Open 2019"]
[Site "London ENG"]
[Date "2019.12.02"]
[Round "5.34"]
[White "Akots, Gabor"]
[Black "Ditmas, Hugh"]
[Result "1-0"]
[WhiteTitle "FM"]
[WhiteElo "2221"]
[BlackElo "1961"]
[WhiteFideId "724521"]
[BlackFideId "1270666"]
[EventDate "2019.11.29"]

1. e4 c5 2. c3 Nf6 3. e5 Nd5 4. d4 cxd4 5. Nf3 Nc6 6. Bc4 e6 7. cxd4 d6 8. O-O
Be7 9. Qe2 O-O 10. Rd1 Bd7 11. Nc3 Nxc3 12. bxc3 dxe5 13. dxe5 Qc7 14. Bd3 Rfd8
15. h4 Be8 16. Bf4 Rd7 17. Nd2 Rad8 18. Nc4 Qb8 19. Qe4 g6 20. h5 Qc7 21. h6 Rd5
22. Rab1 b6 23. Nd6 Rc5 24. Bb5 f5 25. Qa4 Bf7 26. Be3 Rxc3 27. Rbc1 Na5 28.
Nxf7 Kxf7 29. Rxc3 Qxc3 30. Rxd8 Bxd8 31. Be8+ Kf8 32. Qd7 Qa1+ 33. Kh2 Qxe5+
34. g3 Qc7 35. Qxe6 Qe7 36. Qxe7+ Kxe7 37. Bxg6 Kf6 38. Bxh7 Nc6 39. Bg8 Kg6 40.
Be6 Bf6 41. Kg2 Nd4 42. Bd7 b5 43. Bd2 Be7 44. f3 b4 45. Ba4 a5 46. Be3 Ne6 47.
Bc2 Bg5 48. h7 Kxh7 49. Bxf5+ Kg7 50. Bb6 Kf6 51. Bxe6 Kxe6 52. f4 Bf6 53. Bxa5
Bc3 54. a3 Bb2 55. Bxb4 Kd5 1-0

[Event "London Classic Open 2019"]
[Site "London ENG"]
[Date "2019.12.02"]
[Round "5.38"]
[White "Johnson, Daniel"]
[Black "Davis, Holden"]
[Result "0-1"]
[WhiteElo "2186"]
[BlackElo "1840"]
[WhiteFideId "1721283"]
[BlackFideId "440019"]
[EventDate "2019.11.29"]

1. d4 e6 2. c4 f5 3. Nc3 Nf6 4. e3 b6 5. Bd3 Bb7 6. f3 Nh5 7. Qe2 Qh4+ 8. Qf2
Qxf2+ 9. Kxf2 Be7 10. Nge2 O-O 11. Nb5 Na6 12. a3 c6 13. Nbc3 c5 14. dxc5 Nxc5
15. Bc2 a5 16. b3 Bh4+ 17. g3 Be7 18. h4 Nf6 19. Rd1 h6 20. Nf4 g5 21. Ng6 Rf7
22. Nxe7+ Rxe7 23. Bb2 g4 24. Nb5 Rf8 25. b4 Na6 26. f4 Be4 27. Rac1 Bxc2 28.
Rxc2 Ne4+ 29. Kg2 axb4 30. Nd6 b3 31. Rcc1 Nac5 32. Nxe4 Nxe4 33. Rd3 Nc5 34.
Rd6 Rb8 35. Be5 Rb7 36. Rb1 Re8 37. Bd4 Ra8 38. Bb2 Ra4 39. Rd4 Kf7 40. Rbd1 Ke8
41. h5 Ne4 42. R1d3 Nc5 43. Rd1 b5 44. cxb5 Rxb5 45. Kf1 d5 46. Kg2 Rc4 47. R4d2
Rc2 48. Bg7 Nd3 49. Bxh6 Rxd2+ 50. Rxd2 b2 51. Rd1 Nc1 52. Bg7 b1=Q 0-1

[Event "London Classic Open 2019"]
[Site "London ENG"]
[Date "2019.12.02"]
[Round "5.39"]
[White "Chapman, Matt"]
[Black "Abrahams, Daniel"]
[Result "0-1"]
[WhiteElo "1937"]
[BlackElo "2185"]
[WhiteFideId "435848"]
[BlackFideId "2606879"]
[EventDate "2019.11.29"]

1. d4 Nf6 2. Nf3 e6 3. Bf4 c5 4. e3 b6 5. Nc3 cxd4 6. exd4 d6 7. Bb5+ Bd7 8. a4
Be7 9. O-O O-O 10. Re1 a6 11. Bxd7 Nbxd7 12. Qd3 Qc7 13. Ne4 Nxe4 14. Qxe4 Nf6
15. Qd3 Rfc8 16. c3 Qc6 17. Ng5 h6 18. Ne4 Nxe4 19. Qxe4 Qxe4 20. Rxe4 d5 21.
Ree1 b5 22. axb5 axb5 23. Bd2 Rab8 24. b4 Ra8 25. Kf1 g5 26. Ke2 Kg7 27. Kd3 Bd6
28. h3 Kf6 29. g3 Ke7 30. Rh1 Kf6 31. Rhe1 Rg8 32. Rh1 Bc7 33. Be3 h5 34. Rxa8
Rxa8 35. h4 g4 36. Re1 Ra2 37. Re2 Ra1 38. Rc2 Kf5 39. Re2 Bd6 40. Bh6 Ra3 41.
Bc1 Ra1 42. Bh6 Ra3 43. Bc1 Ra6 44. Be3 Bb8 45. Rc2 Ra1 46. Re2 f6 47. Bh6 Bd6
48. Be3 Ra3 49. Bc1 Ra1 50. Be3 Bb8 51. Bh6 Bc7 52. Be3 e5 53. dxe5 fxe5 54. Bc5
Ra3 55. Rc2 d4 56. Ke2 dxc3 57. Kd3 Bd8 58. Rxc3 Rxc3+ 59. Kxc3 Ke4 60. Kd2 Kf3
61. Kd3 Bf6 62. Be3 e4+ 63. Kd2 Be5 64. Bc5 Bc7 65. Kc3 e3 66. fxe3 Bxg3 67. Kd4
Bf2 68. Bd6 Bxe3+ 69. Kd5 g3 70. Kc6 g2 71. Bh2 Kg4 72. Kxb5 Kh3 0-1

[Event "London Classic Open 2019"]
[Site "London ENG"]
[Date "2019.12.02"]
[Round "5.40"]
[White "Jacobs, Robert"]
[Black "Ogunshola, Ben"]
[Result "0-1"]
[WhiteElo "1935"]
[BlackElo "2169"]
[WhiteFideId "450049"]
[BlackFideId "8500231"]
[EventDate "2019.11.29"]

1. g3 e5 2. Bg2 Nf6 3. c4 Nc6 4. Nc3 g6 5. d3 Bg7 6. e3 O-O 7. Nge2 d6 8. O-O
Bg4 9. h3 Be6 10. Nd5 Ne7 11. e4 c6 12. Nxe7+ Qxe7 13. Bg5 Qd7 14. Kh2 d5 15.
Qc2 b5 16. b3 Rfc8 17. Rad1 d4 18. Ng1 Ne8 19. Bc1 a5 20. f4 f6 21. Nf3 Kh8 22.
Rf2 Nd6 23. fxe5 fxe5 24. Ng5 Bg8 25. Rdf1 h6 26. c5 hxg5 27. cxd6 Qxd6 28. Bxg5
Rf8 29. h4 Rxf2 30. Rxf2 c5 31. Bf1 a4 32. bxa4 Rxa4 33. Qd1 Rxa2 34. Rxa2 Bxa2
35. h5 Kh7 36. h6 Bxh6 37. Bxh6 Qf6 38. Qd2 Qxf1 39. Bg5 Be6 40. Bh4 Bg4 41. Qa2
c4 42. Bg5 Qh3+ 43. Kg1 Qxg3+ 0-1

[Event "London Classic Open 2019"]
[Site "London ENG"]
[Date "2019.12.02"]
[Round "5.41"]
[White "Nelson, Omowale"]
[Black "Marzano, Carlo"]
[Result "1/2-1/2"]
[WhiteElo "1924"]
[BlackElo "2128"]
[WhiteFideId "7400209"]
[BlackFideId "802980"]
[EventDate "2019.11.29"]

1. d4 d5 2. c4 dxc4 3. Nf3 a6 4. a4 Nc6 5. e3 e5 6. Bxc4 e4 7. Nfd2 Qg5 8. g3
Nf6 9. Nc3 Bb4 10. Bf1 Bf5 11. Bg2 O-O 12. O-O Rfe8 13. Na2 Bf8 14. Nb3 Rad8 15.
Bd2 Bg4 16. Qc2 Bf3 17. Rfc1 Qh5 18. Be1 Re6 19. Nd2 g5 20. h3 Rd7 21. Bxf3 exf3
22. Qf5 Rd5 23. Qxf3 Qxh3 24. Qg2 Qxg2+ 25. Kxg2 g4 26. b4 Nxb4 27. Nxb4 Bxb4
28. Rxc7 b5 29. axb5 Rxb5 30. Nc4 Bxe1 31. Rxe1 Nd5 32. Ra7 h5 33. Re2 Rb4 34.
Ne5 f6 35. Nd3 Rxd4 36. Nc5 Re8 37. Rxa6 Rc4 38. Nd7 f5 39. Rd2 Nc7 40. Nf6+ Kf8
41. Ra7 Re7 42. Nxh5 Rc5 43. Nf4 Kf7 44. Rb7 Ne6 45. Rxe7+ Kxe7 46. Ra2 Nxf4+
47. gxf4 Rc6 48. Kg3 Kf6 49. Kh4 Kg6 50. Ra8 Rb6 51. Rg8+ Kf6 52. Rf8+ Kg6 53.
Rg8+ Kf6 54. Kh5 Rb2 55. Rg6+ Kf7 56. Kg5 Rxf2 57. Kxf5 Rf3 58. Rf6+ Kg7 59. Re6
g3 60. Rg6+ Kf7 61. e4 Rxf4+ 62. Kxf4 Kxg6 63. Kxg3 Kf6 64. Kf4 Ke6 65. Kf3 Ke5
66. Ke3 Ke6 67. Kd4 Kd6 68. e5+ Ke6 69. Ke4 Ke7 70. Kd5 Kd7 71. e6+ Ke7 72. Ke5
Ke8 73. Kf5 Ke7 74. Ke5 Ke8 75. Kd4 Ke7 76. Kd5 Ke8 77. Kd6 Kd8 78. e7+ 1/2-1/2

[Event "London Classic Open 2019"]
[Site "London ENG"]
[Date "2019.12.02"]
[Round "5.45"]
[White "AuYeung, Chi Hung Jonathan"]
[Black "Pollack, Oscar"]
[Result "0-1"]
[WhiteElo "1770"]
[BlackElo "2112"]
[WhiteFideId "5818044"]
[BlackFideId "429414"]
[EventDate "2019.11.29"]

1. c4 g6 2. g3 Bg7 3. Bg2 e5 4. Nc3 Nc6 5. e4 d6 6. Nge2 Nge7 7. O-O h5 8. d3 h4
9. Be3 Nd4 10. Nb5 c5 11. Nexd4 cxd4 12. Bd2 a6 13. Qa4 Nc6 14. f4 hxg3 15. hxg3
Bh3 16. Na3 Qd7 17. f5 gxf5 18. exf5 Bxf5 19. Bxc6 bxc6 20. Rxf5 Qxf5 21. Qxc6+
Ke7 22. Rf1 Qc8 23. Qd5 f6 24. Bb4 Qd7 25. c5 Rab8 26. c6 Qe6 27. Qxe6+ Kxe6 28.
Ba5 Rxb2 29. c7 Rxa2 30. Nc4 Bh6 31. Rb1 Rxa5 32. Rb8 Rc5 33. Rxh8 Rxc7 34. Rxh6
d5 35. Nb6 Rc3 36. Na4 Ra3 37. Nc5+ Kf7 38. Nd7 Rxd3 39. Rxf6+ Ke7 40. Nxe5
Rxg3+ 41. Kf2 Kxf6 42. Nd7+ Ke7 43. Ne5 Rg8 44. Nc6+ Kd6 45. Nxd4 Kc5 46. Ne6+
Kc4 47. Nc7 a5 48. Ke2 a4 49. Kd2 a3 50. Kc2 a2 51. Kb2 a1=Q+ 52. Kxa1 Kb3 0-1

[Event "London Classic Open 2019"]
[Site "London ENG"]
[Date "2019.12.02"]
[Round "5.46"]
[White "Tanmay, Chopra"]
[Black "Chilton, James I"]
[Result "1-0"]
[WhiteElo "2082"]
[BlackElo "1711"]
[WhiteFideId "25630946"]
[BlackFideId "423009"]
[EventDate "2019.11.29"]

1. Nf3 d5 2. c4 d4 3. d3 c5 4. g3 Nc6 5. Bg2 e5 6. O-O Nf6 7. Bg5 h6 8. Bxf6
Qxf6 9. Na3 Bd6 10. Nd2 a6 11. e3 Bf5 12. Ne4 Qe7 13. exd4 cxd4 14. c5 Bxc5 15.
Nxc5 Qxc5 16. Rc1 Qa7 17. Rxc6 bxc6 18. Bxc6+ Bd7 19. Bxa8 Qxa8 20. Re1 O-O 21.
Rxe5 Bc6 22. f4 Bf3 23. Qf1 f6 24. Re1 g5 25. Qh3 h5 26. Qe6+ Kh8 27. fxg5 Bd5
28. Qe2 Bf3 29. Qe7 Bh1 30. Re2 fxg5 31. Qe5+ Kh7 32. Qxg5 Qf3 33. Re7+ Rf7 34.
Rxf7+ Qxf7 35. Qf4 Qd5 36. Qf2 h4 37. Nc2 h3 38. Nxd4 Kg8 39. b3 Bg2 40. Qe3 Qc5
41. Kf2 Qc3 42. Ne2 Qc2 43. Qe6+ Kh8 44. Ke3 Bf1 45. Qf6+ Kg8 46. Qxf1 Qxa2 47.
Qxh3 Qxb3 48. Qc8+ Kh7 49. Qxa6 Qd1 50. Qb7+ Kh8 51. Qc8+ Kh7 52. g4 Qh1 53.
Qf5+ Kh8 54. Qe5+ Kg8 55. d4 Qg2 56. d5 Qxg4 57. Qg3 1-0

[Event "London Classic Open 2019"]
[Site "London ENG"]
[Date "2019.12.02"]
[Round "5.47"]
[White "Coote, Trevor D"]
[Black "Grey, Nicholas D"]
[Result "0-1"]
[WhiteElo "2075"]
[BlackElo "1692"]
[WhiteFideId "410039"]
[BlackFideId "415448"]
[EventDate "2019.11.29"]

1. d4 Nf6 2. Nc3 d6 3. e4 g6 4. Be2 Bg7 5. Be3 O-O 6. Qd2 c6 7. Bh6 b5 8. a3 Bb7
9. h4 c5 10. Bxg7 Kxg7 11. dxc5 dxc5 12. Qxd8 Rxd8 13. f3 a6 14. g4 Nc6 15. Nh3
Nd4 16. Bd1 Rac8 17. O-O Nd7 18. Nf4 Nb6 19. b3 a5 20. Rf2 c4 21. Nce2 e5 22.
Nxd4 exd4 23. Rd2 Rd7 24. Kf2 Rcd8 25. Be2 d3 26. cxd3 cxb3 27. Rb2 a4 28. Rc1
Rc8 29. Rxc8 Bxc8 30. Ke3 Rc7 31. Kd2 f6 32. Bd1 g5 33. hxg5 fxg5 34. Ne2 Be6
35. Nd4 Bd7 36. Ne2 b4 37. axb4 Be6 38. Nd4 Bf7 39. Nb5 Rd7 40. Na3 Nc4+ 41.
Nxc4 Bxc4 42. Kc3 Bf7 43. d4 Rc7+ 44. Kd2 a3 45. Rxb3 Bxb3 46. Bxb3 Rc8 47. e5
Rf8 48. Ke3 Rb8 49. e6 Rxb4 50. Ba2 Kf6 51. d5 Ke7 0-1

[Event "London Classic Open 2019"]
[Site "London ENG"]
[Date "2019.12.02"]
[Round "5.49"]
[White "Zymberi, Astrit"]
[Black "Varsha Ramesh"]
[Result "1/2-1/2"]
[WhiteElo "2148"]
[BlackElo "1669"]
[WhiteFideId "4700295"]
[BlackFideId "45010900"]
[EventDate "2019.11.29"]

1. d4 Nf6 2. c4 e6 3. Nc3 Bb4 4. e3 b6 5. Ne2 Bb7 6. a3 Be7 7. d5 O-O 8. g3 b5
9. Bg2 bxc4 10. e4 Na6 11. O-O Nc5 12. e5 Nxd5 13. Nxd5 Bxd5 14. Bxd5 exd5 15.
Qxd5 Nd3 16. f4 Qb8 17. Be3 Qxb2 18. Nd4 Qc3 19. Nf5 Bxa3 20. Bd4 Qb3 21. Rab1
Qa4 22. Ra1 Qb3 23. Rab1 Qa4 24. Ra1 Qb3 1/2-1/2

[Event "London Classic Open 2019"]
[Site "London ENG"]
[Date "2019.12.02"]
[Round "5.52"]
[White "Hughes, Anthony"]
[Black "Rushbrooke, Remy"]
[Result "1/2-1/2"]
[WhiteTitle "CM"]
[WhiteElo "1874"]
[BlackElo "2053"]
[WhiteFideId "1803093"]
[BlackFideId "443590"]
[EventDate "2019.11.29"]

1. e4 e5 2. Nf3 Nf6 3. Nc3 Nc6 4. d4 exd4 5. Nxd4 Bb4 6. Nxc6 bxc6 7. Bd3 d5 8.
exd5 O-O 9. O-O cxd5 10. h3 c6 11. Bf4 Bd6 12. Qf3 Bxf4 13. Qxf4 Be6 14. Rad1
Rb8 15. b3 Qa5 16. Qd2 Qc7 17. Ne2 Bc8 18. c4 Ba6 19. cxd5 Bxd3 20. Qxd3 cxd5
21. Rc1 Qe5 22. Nd4 Rb6 23. Rfe1 Qg5 24. Qe3 Qxe3 25. Rxe3 Rb4 26. Nc6 Rb7 27.
Kf1 g6 28. Ke2 Kg7 29. Nd4 Rd8 30. g4 Rdd7 31. f3 Kh6 32. h4 Kg7 33. Rcc3 Rd6
34. Kd3 Nd7 35. Kd2 Nf8 36. Re8 Ne6 37. Ke3 h6 38. f4 Rb4 39. Rd3 Nc5 40. Rc3
Ne6 41. Nxe6+ Rxe6+ 42. Rxe6 d4+ 43. Kd3 dxc3 44. Ra6 Rxf4 45. Rxa7 Rxg4 46. Ra4
h5 47. Rc4 g5 48. Rc5 1/2-1/2

[Event "London Classic Open 2019"]
[Site "London ENG"]
[Date "2019.12.02"]
[Round "5.55"]
[White "Mugalu, Hassan"]
[Black "Chakanyuka, Charles"]
[Result "1-0"]
[WhiteElo "1836"]
[BlackElo "2036"]
[WhiteFideId "451533"]
[BlackFideId "11000341"]
[EventDate "2019.11.29"]

1. d4 d6 2. Bf4 g6 3. e3 Bg7 4. Nf3 c5 5. c3 cxd4 6. cxd4 Nf6 7. Nc3 O-O 8. Be2
Nc6 9. h3 a6 10. Rc1 Qb6 11. Qd2 Nb4 12. Bc4 d5 13. Bb3 Bf5 14. O-O Nd3 15. Na4
Qb5 16. Rc7 Nxf4 17. exf4 Rac8 18. Nc3 Qb4 19. Rxc8 Rxc8 20. Nxd5 Nxd5 21. Bxd5
Qxd2 22. Nxd2 Rc2 23. Nf3 Rxb2 24. Bb3 Bc2 25. Bxc2 Rxc2 26. a4 Kf8 27. Rb1 Rc7
28. Rb6 Ke8 29. Kf1 e6 30. Ne5 Bxe5 31. dxe5 Kd8 32. Rb4 Kc8 33. a5 Rc2 34. Ra4
Kc7 35. g3 h5 36. Kg2 Kc6 37. Ra3 Rc4 38. Kf3 b5 39. axb6 Kxb6 40. g4 a5 41. Kg3
a4 42. Rd3 h4+ 43. Kxh4 Rxf4 44. Kg3 Rc4 45. h4 Rc1 46. Kf4 Kb5 47. Kg5 Rg1 48.
Rd7 a3 49. Rxf7 Kb6 50. Rf3 a2 51. Ra3 a1=Q 52. Rxa1 Rxa1 53. Kxg6 Ra4 54. f3
Kc6 55. h5 Kd5 56. h6 Kxe5 57. g5 Ra7 58. h7 Ra8 59. Kh6 Kf5 60. f4 e5 61. g6
Ra1 62. fxe5 Rh1+ 63. Kg7 Rg1 64. h8=Q Rxg6+ 65. Kf7 1-0

[Event "London Classic Open 2019"]
[Site "London ENG"]
[Date "2019.12.02"]
[Round "5.56"]
[White "Sarpotdar, Amogh"]
[Black "Tombolis, Christopher"]
[Result "1-0"]
[WhiteElo "2015"]
[BlackElo "1824"]
[WhiteFideId "5069521"]
[BlackFideId "433691"]
[EventDate "2019.11.29"]

1. e4 c5 2. Nc3 Nc6 3. f4 g6 4. Bb5 Nd4 5. Nf3 Bg7 6. O-O a6 7. Bd3 d6 8. Ne2
Nxf3+ 9. Rxf3 Nf6 10. a4 O-O 11. c3 b6 12. Bc2 Bb7 13. d3 c4 14. Ng3 cxd3 15.
Qxd3 Qc7 16. h3 d5 17. e5 Ne4 18. Qe2 Nc5 19. Be3 Rad8 20. Bd4 f5 21. Qe3 e6 22.
a5 Qc6 23. axb6 Ne4 24. Bd3 Ra8 25. Ra5 Rfc8 26. Rf1 Bf8 27. Rfa1 Nc5 28. Bc2
Rd8 29. R1a2 Rac8 30. b4 Ne4 31. Nxe4 fxe4 32. Bd1 Bh6 33. Bc5 Bf8 34. Ba4 Bxc5
35. bxc5 d4 36. cxd4 Qd5 37. Bb3 Qc6 38. Bc4 Rf8 39. Bxa6 Bxa6 40. Rxa6 Qd5 41.
Re2 Qc4 42. Raa2 Rcd8 43. Rad2 g5 44. fxg5 Rf7 45. Qxe4 Rdf8 46. b7 Rf1+ 47. Kh2
Qc1 48. c6 Rh1+ 49. Kg3 Qa3+ 50. Rd3 Qe7 51. Rf3 Rb8 52. Rc2 Qc7 53. Rf6 Kh8 54.
Qf3 Qg7 55. c7 Qxg5+ 56. Qg4 Qe3+ 57. Rf3 Qe1+ 58. Rcf2 Rxh3+ 59. Qxh3 Rg8+ 60.
Kh2 Qc1 61. b8=Q Qh6 62. Qxg8+ Kxg8 63. c8=Q+ Kg7 64. Rg3+ 1-0

[Event "London Classic Open 2019"]
[Site "London ENG"]
[Date "2019.12.02"]
[Round "5.57"]
[White "Penna, Tommaso"]
[Black "Barasi, Paul Dl"]
[Result "1-0"]
[WhiteElo "2007"]
[BlackElo "1770"]
[WhiteFideId "847836"]
[BlackFideId "432830"]
[EventDate "2019.11.29"]

1. e4 c5 2. Nf3 a6 3. c3 g6 4. d4 cxd4 5. cxd4 d5 6. e5 Nc6 7. h3 Bg7 8. Nc3 f6
9. exf6 Nxf6 10. Bd3 O-O 11. O-O Qd6 12. Qe2 Kh8 13. Bg5 Nh5 14. Qe3 Bd7 15.
Rae1 e6 16. Ne5 Nxe5 17. dxe5 Qb4 18. Ne2 Rf5 19. Bxf5 gxf5 20. Qd4 Qf8 21. Qh4
Qf7 22. Ng3 Nxg3 23. fxg3 Bb5 24. Rf3 Rc8 25. Rc3 Rd8 1-0

[Event "London Classic Open 2019"]
[Site "London ENG"]
[Date "2019.12.02"]
[Round "5.58"]
[White "Drastik, Penelope"]
[Black "Ifalore, Michael"]
[Result "0-1"]
[WhiteElo "1759"]
[BlackElo "1989"]
[WhiteFideId "3214850"]
[BlackFideId "436356"]
[EventDate "2019.11.29"]

1. d4 Nf6 2. c4 e6 3. Nf3 d5 4. Nc3 dxc4 5. e4 Bb4 6. Bxc4 Nxe4 7. O-O Nxc3 8.
bxc3 Be7 9. Ne5 O-O 10. Qg4 f5 11. Qe2 Re8 12. Re1 c5 13. Bb2 Bf6 14. Qf3 g6 15.
Rad1 Qc7 16. Bb3 Nd7 17. Nxd7 Bxd7 18. dxc5 Rad8 19. Rd6 Qxc5 20. Qd1 Bc8 21.
Bxe6+ Bxe6 22. Rexe6 Rxd6 23. Rxe8+ Kf7 24. Qe1 Qb5 25. Ba3 Qxe8 26. Qxe8+ Kxe8
27. Bxd6 Bxc3 28. Kf1 Kd7 29. Bf8 Kc6 30. Ke2 Kb5 31. Kd3 Bb4 32. Bg7 Ka4 33.
Kc2 Bc5 34. f3 Kb4 35. g4 fxg4 36. fxg4 Kc4 37. h4 h5 38. gxh5 gxh5 39. Kd2 Be7 0-1

[Event "London Classic Open 2019"]
[Site "London ENG"]
[Date "2019.12.02"]
[Round "5.59"]
[White "Gilmore, Samuel"]
[Black "Pellicoro, Nathalie"]
[Result "1/2-1/2"]
[WhiteElo "1757"]
[BlackElo "1967"]
[WhiteFideId "448354"]
[BlackFideId "1332350"]
[EventDate "2019.11.29"]

1. d4 Nf6 2. c4 g6 3. Nf3 Bg7 4. g3 d6 5. Bg2 O-O 6. Nc3 Nc6 7. O-O a6 8. Re1
Rb8 9. e4 Nd7 10. Nd5 e6 11. Nf4 e5 12. dxe5 Ndxe5 13. Nxe5 Nxe5 14. Qc2 b5 15.
c5 dxc5 16. Rd1 Nd7 17. Bh3 c6 18. Bxd7 Bxd7 19. Qxc5 Rb7 20. Rb1 Re8 21. f3 Re5
22. Qxc6 Bxc6 23. Rxd8+ Re8 24. Rxe8+ Bxe8 25. Be3 Rc7 26. Rc1 Rxc1+ 27. Bxc1
Bh6 28. Kf2 Bxf4 29. Bxf4 f6 30. b4 Kf7 31. Ke3 Ke6 32. Kd4 Bc6 33. Kc5 Be8 34.
Kb6 f5 35. e5 g5 36. Bxg5 Kxe5 37. Kc5 Bd7 38. Bf4+ Ke6 39. Kb6 Kd5 40. Kxa6 h5
41. Kb6 Kc4 42. a3 Kb3 43. Kc7 Be8 44. Bd6 Kxa3 45. Kd8 Bc6 46. f4 Bg2 47. Ke7
Kb3 48. Kf6 Bh3 1/2-1/2

[Event "London Classic Open 2019"]
[Site "London ENG"]
[Date "2019.12.02"]
[Round "5.61"]
[White "John, Joshua"]
[Black "Korning, Peter"]
[Result "0-1"]
[WhiteElo "1680"]
[BlackElo "1961"]
[WhiteFideId "449750"]
[BlackFideId "1723332"]
[EventDate "2019.11.29"]

1. d4 d5 2. Nf3 c5 3. dxc5 e6 4. c4 Bxc5 5. cxd5 exd5 6. e3 Nf6 7. Nc3 O-O 8.
Be2 Nc6 9. Nb5 Re8 10. O-O a6 11. Nbd4 Bg4 12. h3 Bh5 13. a3 Ne4 14. Nb3 Bb6 15.
Nfd4 Bg6 16. Bh5 Qg5 17. Bxg6 hxg6 18. Nd2 Nxd2 19. Bxd2 Nxd4 20. exd4 Qf6 21.
Be3 Rac8 22. Rc1 Rxc1 23. Qxc1 Bxd4 24. Bxd4 Qxd4 25. Rd1 Qe5 26. b4 d4 27. Qd2
Rd8 28. Re1 Qd5 29. Qd3 Rc8 30. Qe4 Qxe4 31. Rxe4 Rc1+ 32. Kh2 d3 33. Re8+ Kh7
34. Rd8 Rc3 35. a4 Rc4 36. Rxd3 Rxb4 37. a5 g5 38. Rd7 Kg6 39. Kg3 Rb3+ 40. f3
Rb2 41. h4 gxh4+ 42. Kxh4 Kf6 43. g4 Ke6 44. Rc7 Rb5 45. f4 g6 46. g5 f6 47. Kg4
fxg5 48. fxg5 Rxa5 49. Rxb7 Ra4+ 50. Kf3 Kf5 51. Rf7+ Kxg5 52. Ra7 Kf6 53. Ke3
g5 54. Rh7 g4 55. Rh4 Kg5 0-1

[Event "London Classic Open 2019"]
[Site "London ENG"]
[Date "2019.12.02"]
[Round "5.62"]
[White "Megias, Eva"]
[Black "Mata, Adilson"]
[Result "0-1"]
[WhiteElo "1586"]
[BlackElo "1928"]
[WhiteFideId "465062"]
[BlackFideId "1901389"]
[EventDate "2019.11.29"]

1. e4 c5 2. f4 Nc6 3. Nf3 d6 4. Bc4 e6 5. a3 g6 6. O-O Bg7 7. c3 Nge7 8. b4 O-O
9. bxc5 dxc5 10. Bb2 Na5 11. Ba2 c4 12. Qa4 Qb6+ 13. Kh1 Qxb2 14. Qxa5 Qxa1 15.
Bxc4 Qb2 16. d4 b6 17. Qg5 f6 18. Qh4 b5 19. Bd3 Qb3 20. h3 Bb7 21. Kh2 Rae8 22.
g4 f5 23. Nfd2 Qa4 24. e5 Qa6 25. g5 Qc6 26. Qg3 Rc8 27. h4 Rfd8 28. Be2 Nd5 29.
Bf3 Qc7 30. Nb3 Ne3 31. Rc1 Bxf3 32. Qxf3 Ng4+ 33. Kg3 Qc6 34. Qxc6 Rxc6 35. Kf3
Bf8 36. Rh1 Bxa3 37. h5 Bb2 38. Na5 Rc7 39. Nb3 Bxc3 40. Nc5 Rxd4 41. Nxe6 Rd3+
42. Kg2 Rc6 43. Nxc3 Rcxc3 44. Ra1 Rc2+ 45. Kf1 Nh2+ 46. Kg1 Nf3+ 47. Kf1 Rdd2 0-1

[Event "London Classic Open 2019"]
[Site "London ENG"]
[Date "2019.12.02"]
[Round "5.63"]
[White "Ciocan, Maria-Alexandra"]
[Black "Cotter, Len"]
[Result "1-0"]
[WhiteElo "2058"]
[BlackElo "1665"]
[WhiteFideId "1227130"]
[BlackFideId "431419"]
[EventDate "2019.11.29"]

1. e4 c5 2. Be2 Nc6 3. f4 e6 4. Nf3 Nge7 5. O-O g6 6. c3 Bg7 7. d3 O-O 8. Be3 b6
9. Na3 d5 10. Qe1 d4 11. Bf2 dxc3 12. bxc3 Qc7 13. Be3 Ba6 14. d4 Bxe2 15. Qxe2
cxd4 16. cxd4 Rfd8 17. Rac1 Qb7 18. Rfd1 a6 19. Nc4 b5 20. Nb2 Rac8 21. Bf2 Nxd4
22. Nxd4 Rxc1 23. Rxc1 Bxd4 24. Nd3 Bxf2+ 25. Nxf2 Nc6 26. Ng4 Nd4 27. Qf2 Kg7
28. Re1 a5 29. Qh4 Qb6 30. Kh1 h5 31. Qf6+ Kf8 32. Ne5 Qc7 33. Nxf7 Ke8 34.
Qxd8+ Qxd8 35. Nxd8 Ke7 36. Rd1 Ne2 37. Nc6+ Kf6 38. g3 Nc3 39. e5+ 1-0

[Event "London Classic Open 2019"]
[Site "London ENG"]
[Date "2019.12.02"]
[Round "5.64"]
[White "Saravanan, Aadarsh"]
[Black "Taylor, William J"]
[Result "0-1"]
[WhiteElo "1711"]
[BlackElo "1993"]
[WhiteFideId "440078"]
[BlackFideId "423130"]
[EventDate "2019.11.29"]

1. d4 Nf6 2. c4 g6 3. Nc3 Bg7 4. e4 d6 5. f3 O-O 6. Be3 c5 7. Nge2 Nc6 8. Qd2
Qa5 9. Rd1 a6 10. d5 Ne5 11. Nc1 Bd7 12. b3 b5 13. Nd3 b4 14. Nb1 Nxd3+ 15. Bxd3
Qb6 16. Bh6 a5 17. Bxg7 Kxg7 18. O-O a4 19. Qb2 axb3 20. axb3 Ra5 21. e5 dxe5
22. Qxe5 Qd6 23. Rfe1 Qxe5 24. Rxe5 e6 25. dxe6 Bxe6 26. Ree1 Ra2 27. Re2 Ra1
28. Rde1 Rd8 29. Bc2 Ng8 30. Kf2 Ne7 31. Nd2 Ra2 32. Ne4 Nf5 33. Bd1 Ra5 34. Rb2
h6 35. h3 Nd4 36. Be2 f5 37. Nd2 g5 38. Reb1 f4 39. Ne4 Bf5 40. Rd1 Bxe4 41.
fxe4 Re8 42. Bf3 Ra3 43. Rd3 Kf6 44. Rb1 Ra2+ 45. Ke1 Ke5 46. Rd2 Rea8 47. Rd3
Rc2 48. Bd1 Rxg2 49. Bf3 Nxf3+ 50. Rxf3 Kxe4 51. Rf2 Rxf2 52. Kxf2 Ra2+ 53. Kg1
Kf3 54. Rd1 Kg3 55. Rd3+ f3 0-1

[Event "London Classic Open 2019"]
[Site "London ENG"]
[Date "2019.12.02"]
[Round "5.65"]
[White "De Coverly, Roger D"]
[Black "Nergard, Ole-Kristian"]
[Result "1-0"]
[WhiteElo "1974"]
[BlackElo "1639"]
[WhiteFideId "405213"]
[BlackFideId "1543156"]
[EventDate "2019.11.29"]

1. e4 c5 2. c3 d5 3. exd5 Nf6 4. d4 Nxd5 5. Nf3 e6 6. Be2 cxd4 7. cxd4 Bb4+ 8.
Bd2 Bxd2+ 9. Qxd2 Nc6 10. O-O O-O 11. Nc3 Nce7 12. Rfd1 b6 13. Rac1 Bb7 14. Ne5
f6 15. Nc4 Nxc3 16. bxc3 Rc8 17. Ne3 f5 18. Bc4 Rf6 19. Qe2 f4 20. Ng4 Rg6 21.
Bxe6+ Kh8 22. Bxc8 Qxc8 23. f3 Nf5 24. Re1 Bd5 25. Qe8+ 1-0

[Event "London Classic Open 2019"]
[Site "London ENG"]
[Date "2019.12.02"]
[Round "5.66"]
[White "Millward, Kevin P"]
[Black "Voiculescu-Holvad, Stefan"]
[Result "1/2-1/2"]
[WhiteElo "1967"]
[BlackElo "1614"]
[WhiteFideId "404721"]
[BlackFideId "20692005"]
[EventDate "2019.11.29"]

1. d4 Nf6 2. Bf4 g6 3. e3 Bg7 4. Nf3 d6 5. h3 O-O 6. Be2 Nbd7 7. Bh2 b6 8. O-O
Bb7 9. c4 Ne4 10. Qc2 c5 11. Nc3 Nxc3 12. Qxc3 Rc8 13. Qd3 Qc7 14. Rab1 e5 15.
d5 Rce8 16. Qc2 Bc8 17. e4 Nb8 18. Nd2 Bh6 19. f4 exf4 20. Bxf4 Bxf4 21. Rxf4
Nd7 22. Bg4 Ne5 23. Bxc8 Qxc8 24. Rf6 Qd8 25. Rbf1 Qe7 26. Qc3 Nd7 27. R6f2 Ne5
28. Qg3 f6 29. Kh1 Rf7 30. b3 Ref8 31. Nb1 Qd7 32. Nc3 Kh8 33. Ne2 f5 34. exf5
Rxf5 35. Rxf5 Rxf5 36. Rxf5 Qxf5 37. Nf4 Qb1+ 38. Kh2 Qxa2 39. Ne6 Qc2 40. Ng5
Qf5 41. Qh4 h5 42. Ne4 Nf7 43. Qe7 Qe5+ 44. Qxe5+ dxe5 45. Nf6 Kg7 46. Nd7 h4
47. g3 g5 48. g4 e4 49. Kg2 Nd6 50. Kf2 b5 51. cxb5 Nxb5 52. Nxc5 Kf6 53. Nxe4+
Ke5 54. Nxg5 Kxd5 55. Nf3 Ke4 56. Nxh4 Nd4 57. g5 Kd5 58. b4 Ne6 59. Nf3 Kc4 60.
Ne5+ Kxb4 61. Nc6+ Kc5 62. Nxa7 Nxg5 63. h4 Nh7 64. Kg3 Kd5 65. Kg4 Ke6 66. Kh5
Kf5 67. Nc6 Nf6+ 68. Kh6 Kg4 69. Kg6 Kxh4 70. Kxf6 1/2-1/2